Hydrocarbons in Algeria

محفوظ في:
التفاصيل البيبلوغرافية
التنسيق: كتاب
اللغة:Undetermined
منشور في: Paris AGEB 1968
الموضوعات:
الوسوم: إضافة وسم
لا توجد وسوم, كن أول من يضع وسما على هذه التسجيلة!
Thư viện lưu trữ: Trung tâm Học liệu Trường Đại học Cần Thơ
LEADER 00412nam a2200169Ia 4500
001 CTU_78033
008 210402s9999 xx 000 0 und d
082 |a 330.9 
082 |b H992 
245 0 |a Hydrocarbons in Algeria 
245 0 |c AGEB 
260 |a Paris 
260 |b AGEB 
260 |c 1968 
650 |a Petroleum and trade 
650 |z Algeria 
980 |a Trung tâm Học liệu Trường Đại học Cần Thơ